Statistiques concernant Effectif du Stade français Paris - Saison 2021-2022.

Cliquez ici pour prendre le quiz!

Statistiques générales

  • Ce quiz a été pris 70 fois
    (52 depuis la dernière actualisation)
  • Le résultat moyen est 20 sur 39

Statistiques - réponses

Joueur% Correct
Joris Segonds
98%
Moses Alo-Emile
93%
Paul Alo-Emile
93%
Sekou Macalou
87%
Nicolas Sanchez
82%
Kylan Hamdaoui
80%
Léo Barré
78%
Arthur Coville
76%
Paul Gabrillagues
76%
James Hall
69%
Marcos Kremer
69%
Tolu Latu
64%
Laurent Panis
62%
Lester Etien
62%
Ngani Laumape
56%
Waisea Nayacalevu
56%
Antoine Burban
53%
Clément Castets
53%
Julien Delbouis
53%
Sefanaia Naivalu
53%
Alex Arrate
49%
Telusa Veainu
47%
Harry Glover
44%
Giorgi Melikidze
42%
Romain Briatte
42%
Ryan Chapuis
42%
Adrien Lapègue
40%
Yoann Maestri
40%
Pierre-Henri Azagoh
38%
JJ van der Mescht
31%
Lucas da Silva
31%
Vasil Kakovin
31%
Matthieu de Giovanni
22%
Loïc Godener
20%
Talalelei Gray
20%
Nemo Roelofse
18%
Quentin Bethune
16%
Atu Manu
7%
Charlie Francoz
7%

Distribution des résultats

Percentile par nombre de réponses

% des personnes avec chaque résultat

Votre développement - résultats

Vous n’avez pas pris ce quiz depuis la dernière actualisation